Pokemon Anime Trivia - Ash's Biggest Wins - Statistics

General Stats
  • This quiz has been taken 13 times
  • The average score is 5 of 13
Answer Stats
Question Answer % Correct
What what was the first Legendary Pokemon Ash defeated, counting the movies? Articuno
80%
What made up move became a staple on Ash's team during his journey in Sinnoh? Counter Shield
70%
During his battle with Gary in the Silver Conference, what was Ash's team when he won. Charizard, Snorlax, Heracross, Bayleef, Muk, and Tauros
60%
During the first movie, Ash battles a random trainer at the start, what was the first Pokemon he used? Donphan
60%
The only gym battle Ash LEGALLY swept. Crasher Wake
50%
Who strongest Trainer Ash has ever beaten from a team standpoint? Cynthia
50%
During Ash's battle for his Earth Badge, what Pokemon, given to them by Giovanni, do Team Rocket use at the start of the battle? Machamp, Kingler, Rhydon
50%
Who does Ash's Infernape battle when it finally fully controls it's Blaze ability? Volkner
40%
How many Legendary Pokemon has Ash defeated in battle, even noncannonically? 8
30%
Who does Ash actually EARN his first Gym Badge from on his own? Other trainers advice at any point counts as not earning the badge on his own. Koga
10%
Which Legendary Pokemon has Ash caught? Meltan, Eternatus, Poipole
10%
What was the first Legendary Pokemon that Ash met cannonically? Unless brought up by someone in the main series, Pokemon met in the movies don't count. Zapdos
10%
In what region does Ash become Champion? All of the Above
0%
No matching quizzes found
Score Distribution
Percent of People with Each Score
Percentile by Number Answered
Your Score History
You have not taken this quiz